Control estadístico de la calidad y seis sigma (Registro nro. 18927)

Detalles MARC
000 -Cabecera
Campo de control interno 00863nam a2200217Ia 4500
005 - Fecha y hora del registro
control field 20260409154127.0
008 - Elementos de Longitud Fija
fixed length control field 260306s9999||||xx |||||||||||||| ||und||
041 ## - Idioma
Codigo Idioma ESP
082 ## - DEWEY y NOTACIÓN INTERNA
Dewey 658.562
Notación Interna G96C 2013
100 ## - AUTOR
Autor denominación Gutiérrez Pulido, Humberto
Término de relación autor
245 #0 - TÍTULO DE MATERIAL BIBLIOGRÁFICO
Título Control estadístico de la calidad y seis sigma
260 ## - CIUDAD, EDITORIAL, AÑO
Año 2013
300 ## - DESCRIPCIÓN
N° Páginas xvi, 468 páginas :
Dimensiones 27 cm.
650 ## - TEMAS
Temas Generalidades
654 ## - PROGRAMAS
Programa Dpto. de Administración de Negocios
856 ## - URL - UBICACIÓN
URI/URL: Enlace exacto del recurso <a href="https://itmsp.museknowledge.com/UCSP?url=https://www.ebooks7-24.com:443/?il=280&pg=1">https://itmsp.museknowledge.com/UCSP?url=https://www.ebooks7-24.com:443/?il=280&pg=1</a>
Nota pública: Versión digital <a href="Versión digital">Versión digital</a>
856 ## - URL - UBICACIÓN
URI/URL: Enlace exacto del recurso <a href="https://0u213vsz7-y-https-ebooks7--24-com.itmsp.museknowledge.com/biblioteca.aspx">https://0u213vsz7-y-https-ebooks7--24-com.itmsp.museknowledge.com/biblioteca.aspx</a>
Nota pública: Versión digital <a href="Véase además: Base de datos Ebook7-24">Véase además: Base de datos Ebook7-24</a>
856 ## - URL - UBICACIÓN
URI/URL: Enlace exacto del recurso <a href="https://0u20fvszd-y-https-research-ebsco-com.itmsp.museknowledge.com/c/qxo6us/search">https://0u20fvszd-y-https-research-ebsco-com.itmsp.museknowledge.com/c/qxo6us/search</a>
Nota pública: Versión digital <a href="Véase además: Base de datos EBSCOhost">Véase además: Base de datos EBSCOhost</a>
942 ## - ELEMENTOS DE KOHA
Tipo de documento Libro
Nombre del creador Justo Noguera
Código de catalogador Justo Noguera
Esquema de clasificación Dewey Decimal Classification
Existencias
Codigo completo Registro Colección Copia número Disponibilidad Tipo de préstamo Biblioteca Actual Procedencia (Biblioteca) Ubicacón Fecha Ingreso Tipo de Adquisición Date last seen Total checkouts Price effective from Tipo de Item Estado del Material Fuente de Clasificación Damaged status Withdrawn status
658.562 G96C 2013 1068883 Universidad Católica San Pablo 2 Disponible Disponible Víctor Andrés Belaunde Víctor Andrés Belaunde Primer piso 03/06/2026 Compra 06/03/2026   06/03/2026 Libro Bueno Dewey Decimal Classification    
658.562 G96C 2013 1054908 Universidad Católica San Pablo 1 Disponible Disponible Víctor Andrés Belaunde Víctor Andrés Belaunde Primer piso 03/06/2026 Compra 06/03/2026   06/03/2026 Libro Bueno Dewey Decimal Classification